000 02076cam a22004814i 4500
003 PE-LiUPU
005 20250731173502.0
008 150616s r 000 0 d
020 _a0801076005
035 _a(Sirsi) i9780801076008
040 _aPE-LiUPU
_bspa
_cPE-LiUPU
_erda
049 _aPRUA
082 0 4 _a220.7
_bR21
_221
100 1 _aRamm, Bernard,
_d1916-,
_eautor.
245 1 0 _aProtestant Biblical Interpretation :
_ba Texbook of Hermeneutics /
_cBernard Ramm.
264 1 _aGrand Rapids, Michigan :
_bBaker Book House,
_c1977.
300 _a298 páginas ;
_c20 centímetros
336 _atext
_2rdacontent
337 _aunmediated
_2rdamedia
338 _avolume
_2rdacarrier
505 0 _aHistoricals Schools -- The protestant system of hermeneutics -- The doctrinal use of the bible -- The devotional and practical use of the bible -- The problem of inerrancy and secular science in relation to hermeneutics -- The interpretation of types -- The interpretation of prophecy -- The interpretation of parables -- Epilogo.
526 _aSEG42
526 _aSEG41
526 _aSEG40
526 _aSEG39
526 _aP94
526 _aP87
526 _aP86
526 _aP85
526 _aP77
526 _aP76
526 _aP35
650 0 4 _aHermenéutica bíblica.
910 _ajck
_bjvq
_cjck
942 _2ddc
_cBOOK
949 _a220.2804 R21
_wDEWEY
_c1
_i40349
_lCCODEBUL1
_mBUL
_r0
_sY
_tBOOK
_u2015-6-16
_xTEOLOGIA
_zUNKNOWN
_0COMPRA
_o.STAFF. Colección General
949 _a220.7 R21
_wDEWEY
_c1
_i42775
_lCCODEBUL1
_mBUL
_r0
_sY
_tBOOK
_u2015-6-16
_xTEOLOGIA
_zUNKNOWN
_0COMPRA
_o.STAFF. Colección General
994 _aC0
_bPEPRU
596 _a1
999 _a220.2804 R21
_wDEWEY
_c58154
_i40349
_f2021-11-9
_g5
_lCCODEBUL1
_mBUL
_r0
_sY
_tBOOK
_u2015-6-16
_xTEOLOGIA
_zUNKNOWN
_0COMPRA
_o.STAFF. Colección General
_d58154
999 _a220.7 R21
_wDEWEY
_c1
_i42775
_f2019-12-9
_g4
_lDISCARD
_mBUL
_r1
_sY
_tBOOK
_u2015-6-16
_xUNKNOWN
_zUNKNOWN
_0COMPRA
_o.STAFF. Colección General
980 _81
_gALBERTO SANCHEZ Responsable de Automatización